000
00321nam a2200145Ia 4500
100
_a
Schildt/ Herbert
250
_a
2
942
_c
BK
654
_a
C:the complete reference
245
_a
C:the complete reference
260
_b
Tata Mc Graw hill
_a
New York
_c
1998
300
_a
671
546
_a
ENGLISH
999
_c
22872
_d
22872